Yüklüyor......

ABCs of windows 98:Clear, concise coverage of windows 98's most important features

Detaylı Bibliyografya
Yazar: Crawford, Sharon
Diğer Yazarlar: Salkind, Neil J
Materyal Türü: Printed Book
Dil:Undetermined
Baskı/Yayın Bilgisi: New Delhi BPB Publications
LEADER 00619nam a2200157Ia 4500
008 161229s9999 xx 000 0 und d
020 |a 8170299918 
082 |a 005.43 CRA/AB 
100 |a Crawford, Sharon 
245 |a ABCs of windows 98:Clear, concise coverage of windows 98's most important features 
260 |b BPB Publications  |a New Delhi 
300 |a xxiii, 357 
700 |a Salkind, Neil J 
942 |c BK 
999 |c 152720  |d 152720 
952 |0 0  |1 0  |4 0  |6 005_430000000000000_CRAAB  |7 0  |9 151785  |a KAUCLV  |b KAUCLV  |d 2016-12-29  |g 165.00  |o 005.43 CRA/AB  |p 904029  |r 2016-12-29  |w 2016-12-29  |y BK  |z Book transferred from CCBM Library ,Acc.No:8315